| 000 | 00732na a2200241 4500 | ||
|---|---|---|---|
| 001 | 16442 | ||
| 003 | MIRAKIL | ||
| 005 | 20181213154901.0 | ||
| 008 | 161006b tu 000 0 | ||
| 035 | _a16442 | ||
| 040 |
_aMilas _btur _cTR-AnCHP |
||
| 041 | _atur | ||
| 082 |
_a324.24072 _bS62a 2000 |
||
| 090 | _a324.24072 S62a 2000 | ||
| 110 | _aSosyal Demokrasi Vakfı (SODEV) | ||
| 245 |
_aAvrupa Sosyal Demokrat Partisi _bBildirgeler _cSosyal Demokrasi Vakfı (SODEV) |
||
| 246 | _aBildirgeler | ||
| 260 |
_aİstanbul _bSosyal Demokrasi Vakfı (SODEV) _c2000 |
||
| 300 |
_a32 s. _c19 sm. |
||
| 650 |
_aAvrupa Sosyalistler Partisi (PES) _xSeçim bildirgesi |
||
| 651 |
_aAvrupa _xSosyal demokrat partiler |
||
| 942 |
_2ddc _cBKS |
||
| 999 |
_c2537 _d2537 |
||